UFC fighter nickname quiz - Statistics

General Stats
  • This quiz has been taken 299 times
    275 since last reset
  • The average score is 29 of 72
Answer Stats
Fighter Nickname % Correct
Jon Jones Bones
98%
Conor McGregor The Notorious
92%
Daniel Cormier DC
89%
Anderson Silva The Spider
89%
Max Holloway Blessed
87%
Khabib Nurmagomedov The Eagle
87%
Demitrious Johnson Mighty Mouse
86%
Donald Cerone Cowboy
81%
Georges St Pierre Rush
81%
Stephen Thompson Wonderboy
79%
Tony Ferguson El Cucuy
78%
Dustin Poirier The Diamond
78%
Chan Sung Jung The Korean Zombie
77%
Cody Garbdrandt No Love
74%
Anthony Pettis Showtime
70%
Michael Bisping The Count
70%
Justin Gaethje The Highlight
69%
Yoel Romero Soldier of God
67%
Derrick Lewis The Black Beast
67%
Robert Whittaker The Reaper
67%
Mauricio Rua Shogun
66%
Amanda Nunes The Lioness
66%
Jorge Masvidal Gamebred
65%
Francis Ngannou The Predator
62%
Robbie Lawler Ruthless
61%
Rose Namajunas Thug
60%
Valentina Shevchenko Bullet
59%
Ronda Rousey Rowdy
59%
Tyron Woodley The Chosen One
57%
Dominick Cruz The Dominator
51%
Chris Weidman The All American
48%
Alistair Overeem The Reem
47%
Holly Holm The Preacher's Daughter
46%
Alexander Gustafsson The Mauler
43%
Eddie Alvarez The Underground King
42%
Vitor Belfort The Phenom
41%
Mark Hunt Super Samoan
40%
Ronaldo Souza Jacare
39%
Michelle Waterson The Karate Hottie
36%
Carlos Condit The Natural Born Killer
35%
Yair Rodríguez El Pantera
34%
Frankie Edgar The Answer
32%
Edson Barbosa Junior
28%
Junior Dos Santos Cigano
27%
Henry Cejudo The Messenger
23%
Jeremy Stephens Lil' Heathen
22%
Paige VanZant 12 Gauge
21%
Volkan Oezdemir No Time
20%
Michael Johnson The Menace
15%
Kevin Lee The Motown Phenom
15%
Travis Browne Hapa
12%
Jimi Manuwa Poster Boy
11%
Ricardo Lamas The Bully
9%
Ray Borg The Tazmexican Devil
9%
Fabricio Werdum Vai Cavalo
8%
BJ Penn The Prodigy
6%
Kamari Usman Nigerian Nightmare
5%
Darren Till The Gorilla
3%
Alexander Volkov Drago
2%
Chad Mendes Money
2%
Colby Covington Chaos
1%
Raquel Pennington Rocky
1%
Rashad Evans Suga
1%
Brian Ortega T City
1%
Cat Zingano Alpha
0%
Michael Chiesa Maverick
0%
Mike Perry Platinum
0%
Al Iaquinta Raging
0%
Stefan Struve Skyscraper
0%
Renan Barao The Baron
0%
Darren Elkins The Damage
0%
Paulo Costa The Eraser
0%
No matching quizzes found
Score Distribution
Percent of People with Each Score
Percentile by Number Answered
Your Score History
You have not taken this quiz since the last reset